<?xml version="1.0" encoding="UTF-8"?>
<record
    xmlns:xsi="http://www.w3.org/2001/XMLSchema-instance"
    xsi:schemaLocation="http://www.loc.gov/MARC21/slim http://www.loc.gov/standards/marcxml/schema/MARC21slim.xsd"
    xmlns="http://www.loc.gov/MARC21/slim">

  <leader>01977agaaa2200289   4500</leader>
  <controlfield tag="001">9036</controlfield>
  <controlfield tag="003">IT-RoPAU</controlfield>
  <controlfield tag="005">20220918181249.0</controlfield>
  <controlfield tag="007">d cvaizq</controlfield>
  <controlfield tag="008">50131s9999||||xx ||| |     ||   ||und||</controlfield>
  <datafield tag="040" ind1=" " ind2=" ">
    <subfield code="a">IT-RoPAU</subfield>
    <subfield code="c">IT-RoPAU</subfield>
  </datafield>
  <datafield tag="100" ind1=" " ind2=" ">
    <subfield code="a">Clair Rene'</subfield>
    <subfield code="g">Codice regista SPICS: 7985</subfield>
    <subfield code="9">37039</subfield>
  </datafield>
  <datafield tag="130" ind1=" " ind2=" ">
    <subfield code="a">ENTR'ACTE</subfield>
    <subfield code="9">48235</subfield>
  </datafield>
  <datafield tag="245" ind1=" " ind2=" ">
    <subfield code="a">ENTR'ACTE</subfield>
    <subfield code="c">Prodotto da: De Mare' Rolf -- Sceneggiatura: Picabia Francis -- Diretto da: Clair Rene'</subfield>
    <subfield code="p">ENTR'ACTE (Rif. Codice opera principale : 29036)</subfield>
  </datafield>
  <datafield tag="250" ind1=" " ind2=" ">
    <subfield code="a">Edizione Standard</subfield>
  </datafield>
  <datafield tag="260" ind1=" " ind2=" ">
    <subfield code="a">(FRANCIA)</subfield>
    <subfield code="b">SENZA EDITRICE O NON IDENTIFICATA / Distribuzione: RAI</subfield>
    <subfield code="g">"1924 (1&#xB0; ed.: 1985 ; Ed. Lingua Orig.: 1924)"</subfield>
  </datafield>
  <datafield tag="300" ind1=" " ind2=" ">
    <subfield code="a">VHS</subfield>
    <subfield code="b">muto, b&amp;w</subfield>
    <subfield code="c">310 minuti</subfield>
  </datafield>
  <datafield tag="508" ind1=" " ind2=" ">
    <subfield code="a">"Fotografia: Berliet Jimmy; Musica: Satie Erik; Sceneggiatura: Picabia Francis; "</subfield>
  </datafield>
  <datafield tag="511" ind1=" " ind2=" ">
    <subfield code="a">"Borlin Jean; Ray Man; Duchamp Marcel; Fries Inge; Satie Erik; Picabia Francis; Auric "</subfield>
  </datafield>
  <datafield tag="520" ind1=" " ind2=" ">
    <subfield code="a">CORTOMETRAGGIO MUTO CHE SI RIDUCE A UNA SUCCESSIONE DI GAG VISIVE: UOMINI CHE SALTELLANO ATTORNO A UN CANNONE SUI TETTI DI PARIGI UN BARACCONE DI TIRO A SEGNO UNA BALLERINA BARBUTA GIOCATORI DI SCACCHI UN UOVO IN CIMA A UN GETTO D'ACQUA CONTROLLATO DA UN CACCIATORE COL CAPPELLO ALLA TIROLESE DOPO DI CHE SIAMO INVITATI A UN BURLESCO FUNERALE IL CARRO FUNEBRE E' TIRATO DA UN CAMMELLO LE CORONE SONO FATTE DI PANE IL CORTEO SI MUOVE AL RALLENTATORE MA POI IL RITMO ACCELERA E NE DERIVA UNA FOLLE CORSA CHE SI FERMA IN APERTACAMPAGNA QUANDO LA BARA CADE E SI ROMPE LIBERANDO UN ILLUSIONISTA IN SMOKING CHE CON LA BACCHETTA MAGICA FA SCOMPARIRE TUTTI QUANTI COMPRESO SE STESSO CINEMA AUTOMATICO INTERMEZZO</subfield>
  </datafield>
  <datafield tag="538" ind1=" " ind2=" ">
    <subfield code="a">PAL, STEREO</subfield>
  </datafield>
  <datafield tag="650" ind1=" " ind2=" ">
    <subfield code="a">CORTOMETRAGGIO</subfield>
    <subfield code="e">FILMS [VHS]</subfield>
    <subfield code="x">Codice MATERIA SPICS: 9960</subfield>
    <subfield code="9">48236</subfield>
  </datafield>
  <datafield tag="700" ind1=" " ind2=" ">
    <subfield code="a">Clair Rene' </subfield>
    <subfield code="e">(regista)</subfield>
    <subfield code="g">Codice regista SPICS: 7985</subfield>
    <subfield code="9">37039</subfield>
  </datafield>
  <datafield tag="700" ind1=" " ind2=" ">
    <subfield code="a">Clair Rene' </subfield>
    <subfield code="e">(soggetto)</subfield>
    <subfield code="g">Codice Soggetto SPICS: 7985</subfield>
    <subfield code="9">48237</subfield>
  </datafield>
  <datafield tag="700" ind1=" " ind2=" ">
    <subfield code="a">Satie Erik</subfield>
    <subfield code="e">(musica)</subfield>
    <subfield code="g">Codice Musica SPICS: 1590</subfield>
    <subfield code="9">48238</subfield>
  </datafield>
  <datafield tag="942" ind1=" " ind2=" ">
    <subfield code="c">VH</subfield>
    <subfield code="2">ddc</subfield>
  </datafield>
  <datafield tag="999" ind1=" " ind2=" ">
    <subfield code="c">106694</subfield>
    <subfield code="d">106694</subfield>
  </datafield>
  <datafield tag="952" ind1=" " ind2=" ">
    <subfield code="0">0</subfield>
    <subfield code="1">0</subfield>
    <subfield code="4">0</subfield>
    <subfield code="6">29036_000000000000000</subfield>
    <subfield code="7">1</subfield>
    <subfield code="a">SPICS</subfield>
    <subfield code="b">SPICS</subfield>
    <subfield code="d">2015-01-31</subfield>
    <subfield code="l">0</subfield>
    <subfield code="o">29036</subfield>
    <subfield code="r">2015-01-31 00:00:00</subfield>
    <subfield code="w">2015-01-31</subfield>
    <subfield code="y">VH</subfield>
    <subfield code="z">Progr. Ins.: 1743 / N.Vol.:1 / Copie: 1 / Pag.: / Copia rara: SI / date import: 1.2.2015 / By Epidotti, Trombetti, Vaglietti</subfield>
  </datafield>
</record>
